000 00601nam a2200193 a 4500
001 6786
003 CO-ViMGA
008 141112s2004 ck r 000 u spa d
020 _a8474339510
040 _aCO-ViMGA
_bspa
_cCO-ViMGA
082 0 4 _a344.046 E761ma
100 1 _aEspaña. Ministerio de Obras Públicas, Transportes y Medio Ambiente
_95730
245 1 0 _aManual práctico de derecho ambiental
260 _aMadrid :
_bMinisterio de Obras Públicas Transportes y Medio Ambiente,
_c1994
300 _a255 p : il
490 _aNormativas
650 1 4 _aDERECHO AMBIENTAL
_93414
942 _2ddc
_cBK
999 _c18755
_d18755